000 00518nam a22001697a 4500
003 PILC
005 20160114151248.0
008 130911t xxu||||| |||| 00| 0 eng d
050 _aPZ 7
_b.C555 1960
082 _aFIC
_bC46a 1960
100 _aChristie, Agatha
_917999
245 _aThe adventure of the christmas pudding :
_band a selection of entrees
_cChristie, Agatha
260 _aGreat Britain:
_bWilliam Collins Sons & Co., Ltd,
_cc1960.
300 _a240 p.
_c17 cm.
942 _2lcc
_cBK
999 _c10869
_d10869